000 00707 a2200205 4500
001 62666
005 20260407155920.0
008 260407a1984 arg spa d
003 AR-UNSa-BCEJYS
040 _aAR-UNSa-BCEJYS
_bspa
_cAR-UNSa-BCEJYS
080 _a303.4
_xTipos de investigación. estrategias de investigación. diseño de la investigación social
245 1 0 _aTécnicas de investigación social en la administración pública
020 _a978-84-7351-178-0
264 1 _aMadrid :
_bInstituto Nacional de Administración Pública (INAP)
_c1984
300 _a278 p.
_c19 cm.
041 _aspa
942 _cBK
590 _aniveau_biblio:m niveau_hierar:0
100 1 _aLafuente Felez, Alberto
999 _c7751
_d7751